000 00722nam a2200181Ia 4500
008 151202s9999||||xx |||||||||||||| ||und||
082 _bPNVM-40604
100 _aपरदेशी दिलीप.
245 _aम्हणून मी तुला कुठे नेत नाही.
260 _b"मेहता पब्लिशींग हाऊस, पुणे."
260 _c1995
300 _a83
600 _aपरदेशी दिलीप.
630 _aम्हणून मी तुला कुठे नेत नाही.
700 _aपरदेशी दिलीप.
730 _aम्हणून मी तुला कुठे नेत नाही.
942 _cBOOK
999 _c1306556
_d1306553